000 00379nam a2200121 4500
999 _c13619
_d13619
008 190329b ||||| |||| 00| 0 eng d
100 _937951
_aMercurio, Richmond
245 _aTourism boom to entail expansion of new Bohol airport/
_cRichmond Mercurio
260 _aPhilippines
_bThe Philippine Star
_cc2019
300 _apage B10.
650 0 _937952
_aTourism.
942 _2ddc
_cPER